Marketing v poisťovníctve

Salvato in:
Dettagli Bibliografici
Autore principale: Korauš, Antonín
Ente Autore: Ekonomická univerzita v Bratislave. Národohospodárska fakulta
Natura: Libro
Lingua:slovacco
Pubblicazione: Bratislava Vydavateľstvo EKONÓM 2000
Soggetti:
Tags: Aggiungi Tag
Nessun Tag, puoi essere il primo ad aggiungerne!!

MARC

LEADER 00000nam a2200000 4500
001 c122764
005 20221123133104.0
020 |a 80-225-1214-1 
041 0 |a slo 
044 |a SK 
245 1 0 |a Marketing v poisťovníctve  |c Anton Korauš 
264 1 |a Bratislava  |b Vydavateľstvo EKONÓM  |c 2000 
300 |a 162 s. 
610 2 0 |a poisťovníctvo 
610 2 0 |a marketing 
610 2 0 |a trh 
610 2 0 |a systémy informačné 
610 2 0 |a dopyt 
610 2 0 |a správanie spotrebiteľa 
610 2 0 |a marketing mix 
610 2 0 |a služby 
610 2 0 |a výrobky 
610 2 0 |a personál 
610 2 0 |a obchod 
610 2 0 |a kvalita 
100 1 |a Korauš, Antonín 
710 2 |a Ekonomická univerzita v Bratislave. Národohospodárska fakulta